Genetic fingerprinting of Theobroma clones using randomly amplified polymorphic DNA markers (Record no. 59822)

MARC details
000 -LEADER
fixed length control field 00513nam a2200193Ia 4500
100 ## - MAIN ENTRY--AUTHOR NAME
Personal name Wilde J
245 #0 - TITLE STATEMENT
Title Genetic fingerprinting of Theobroma clones using randomly amplified polymorphic DNA markers
260 ## - PUBLICATION, DISTRIBUTION, ETC. (IMPRINT)
Name of publisher Theoretical and Applied Genetics
Year of publication 1992
300 ## - PHYSICAL DESCRIPTION
Number of Pages 871-877
650 ## - SUBJECT ADDED ENTRY--TOPICAL TERM
Topical Term Cocoa
650 ## - SUBJECT ADDED ENTRY--TOPICAL TERM
Topical Term DNA
650 ## - SUBJECT ADDED ENTRY--TOPICAL TERM
Topical Term Genetic diversity
650 ## - SUBJECT ADDED ENTRY--TOPICAL TERM
Topical Term Polymorphism
650 ## - SUBJECT ADDED ENTRY--TOPICAL TERM
Topical Term RAPD
700 ## - ADDED ENTRY--PERSONAL NAME
Personal name Powell W
700 ## - ADDED ENTRY--PERSONAL NAME
Personal name Waugh R
942 ## - ADDED ENTRY ELEMENTS (KOHA)
Koha item type Journals
Holdings
Withdrawn status Lost status Damaged status Not for loan Home library Current library Date acquired Serial Enumeration / chronology Koha item type
      Journals RRII Library RRII Library 17/12/2021 Volume 83, Issue 07-Jun Journals